Calculo Práctico de Cuchillos de Hierro y Madera
| Main Author: | |
|---|---|
| Format: | Section = Libro |
| Language: | Undetermined Spanish |
| Published: |
España
Ediciones CEAC
1973
|
| Subjects: |
| LEADER | 00552nam a2200205Ia 4500 | ||
|---|---|---|---|
| 008 | 241007s9999||||xx |||||||||||||| ||und|| | ||
| 020 | |a 84-329-2931-X | ||
| 040 | |a BIBLIOTECA-RURC/ 693.54 A772 | ||
| 041 | |a spa | ||
| 082 | |a 693.54 A772 | ||
| 100 | 1 | |a Arquero, Francisco | |
| 245 | 1 | 0 | |a Calculo Práctico de Cuchillos de Hierro y Madera |
| 260 | |a España |b Ediciones CEAC |c 1973 | ||
| 300 | |a 207 p. :IL. | ||
| 650 | 7 | |a CUCHILLOS DE HIERRO | |
| 650 | 7 | |b CUCHILLOS DE MADERAS | |
| 650 | 7 | |c COMPLEMENTOS. | |
| 942 | |c BK |2 ddc | ||
| 991 | |a TEXTO | ||
| 999 | |c 14582 | ||